000
00328 a2200109 4500
001
ART_11311
005
20260410161856.0
008
260409a
245
1
0
_a
Los problemas fundamentales del crecimiento económico
100
1
_a
Clark, Colin
773
0
_t
Revista de Economía
_g
- Nº 32 (mar. 1982)
_w
REV11077
999
_c
25454
_d
25454